The G.O.A.T. Of Every Weight In The UFC - Statistics

General Stats
  • This quiz has been taken 707 times
  • The average score is 7 of 11
Answer Stats
Hint Answer % Correct
Light Heavyweight Jon Jones
99%
Middleweight Anderson Silva
80%
Heavyweight Stipe Miocic
78%
Featherweight Jose Aldo
72%
Lightweight Khabib Nurmagomedov
72%
Flyweight Demetrious Johnson
64%
Welterweight Georges St Pierre
61%
Featherweight Amanda Nunes
56%
Bantamweight Amanda Nunes
56%
Bantamweight Dominick Cruz
50%
Strawweight Joanna Jedrzejcyzk
0%
No matching quizzes found
Score Distribution
Percent of People with Each Score
Percentile by Number Answered
Your Score History
You have not taken this quiz